Turkic languages - Statistics

General Stats
  • This quiz has been taken 892 times
    824 since last reset
  • The average score is 19 of 39
Answer Stats
Answer % Correct
Northern Uzbek
97%
Turkish
97%
Kazakh
94%
Turkmen
94%
Kyrgyz
92%
North Azerbaijani
90%
Uyghur
89%
Tatar
85%
Yakut
73%
Crimean Tatar
71%
Chuvash
66%
Bashkort
65%
Gagauz
63%
Karakalpak
62%
South Azerbaijani
55%
Southern Altai
54%
Tuvan
53%
Southern Uzbek
52%
Nogai
48%
Kashkay
47%
Khakas
41%
Kumyk
35%
Karachay-Balkar
29%
Northern Altai
28%
Khorasani
27%
Salar
26%
Ainu
24%
Dolgan
24%
Khalaj
24%
Siberian Tatar
23%
Ili Turki
21%
Krimchak
21%
Karaim
20%
Urum
20%
Rumelian
19%
Shor
19%
Karagas
18%
West Yugur
18%
Chulym
15%
No matching quizzes found
Score Distribution
Percent of People with Each Score
Percentile by Number Answered
Your Score History
You have not taken this quiz since the last reset